Η τύχη του υδραργύρου σε μία πιλοτική μονάδα ενεργού ιλύος : διδακτορική διατριβή

Αποθηκεύτηκε σε:
Λεπτομέρειες βιβλιογραφικής εγγραφής
Κύριος συγγραφέας: Παυλογεωργάτος, Γεράσιμος Δ.
Συγγραφή απο Οργανισμό/Αρχή: Πανεπιστήμιο Αιγαίου. Σχολή Περιβάλλοντος. Τμήμα Περιβάλλοντος
Άλλοι συγγραφείς: Λέκκας, Θεμιστοκλής Δ. (Εισηγητής διατριβής)
Μορφή: Thesis Βιβλίο
Γλώσσα:Greek
Δημοσίευση: Μυτιλήνη : Πανεπιστήμιο Αιγαίου, Τμήμα Περιβάλλοντος, Τομέας Περιβαλλοντικής Μηχανικής και Επιστήμης, 2001
Θέματα:
Ετικέτες: Προσθήκη ετικέτας
Δεν υπάρχουν, Καταχωρήστε ετικέτα πρώτοι!

MARC

LEADER 00000cam a2200000 i 4500
001 1/62501
008 041013s2001 gre d
035 |l 10074665 
040 |a GR-MY-UA  |b gre  |e aacr 
041 0 |a gre 
082 0 |a 628.3  |2 (22) 
100 1 |a Παυλογεωργάτος, Γεράσιμος Δ. 
245 1 2 |a Η τύχη του υδραργύρου σε μία πιλοτική μονάδα ενεργού ιλύος :  |b διδακτορική διατριβή /  |c Γεράσιμος Δ. Παυλογεωργάτος 
260 |a Μυτιλήνη :   |b Πανεπιστήμιο Αιγαίου, Τμήμα Περιβάλλοντος, Τομέας Περιβαλλοντικής Μηχανικής και Επιστήμης,   |c 2001 
300 |a 330 σ.;  |b πιν., σχ,;  |c 30 εκ. 
500 |a Επιβλέπων: Καθ.Θεμιστοκλής Δ. Λέκκας 
500 |a Περιέχει πίνακα πινάκων και πίνακα σχημάτων 
502 |a Διατριβή (διδακτορική) - Πανεπιστήμιο Αιγαίου, Λέσβος, 2001. 
504 |a Βιβλιογραφία: σ. 272-306 
650 0 0 |a Sewage sludge. 
650 0 0 |a Sewage  |x Purification  |x Metals removal. 
650 0 0 |a Sewage  |x Purification  |x Heavy metals removal. 
650 0 0 |a Dissertations, Academic  |z Greece. 
700 1 |4 ths  |a Λέκκας, Θεμιστοκλής Δ. 
710 2 |a Πανεπιστήμιο Αιγαίου.   |b Σχολή Περιβάλλοντος.   |b Τμήμα Περιβάλλοντος. 
852 |a INST  |b LESVOS  |c DIATR  |e 20041013  |h 107  |p 005100030312  |q 005100030312  |t PHD  |y 23 
901 |a BIBL1-2004-3 
909 |a Λ  |b 111871 
924 |a ΠΑΥΛΟΓΕΩΡΓΑΤΟΣ  |b ΓΕΡΑΣΙΜΟΣ Δ.  |y ΛΕΣΒΟΣ  |z 2004-05 
970 |a ΠΑΤΣΗ  |b ΑΝΘΙΠΠΗ  |z 2004/05/